| 000 | 00650cam a2200217 4500 | ||
|---|---|---|---|
| 001 | L129491 | ||
| 008 | 050422n2005 000 0 eng u | ||
| 020 | _a0340838949 | ||
| 035 | _a(Sirsi) u129491 | ||
| 041 | _aeng | ||
| 050 |
_a381.17092 _c21 |
||
| 100 | _aSerrell, Philip | ||
| 245 | 3 | _aAn auctioneer's lot | |
| 260 |
_aLondon _bHodder and Stoughton Ltd _c2005 |
||
| 300 |
_aix, 289p. _c23cm. |
||
| 350 | _a8.99 | ||
| 520 | _aAn autobiographical and anecdotal look at the experiences of a country auctioneer, Philip Serrell. | ||
| 590 | _aIKA210605 | ||
| 690 | _aPROPERTY-ARTS AND ANTIQUES-AUCTIONEERING ARTS AND ANTIQUES | ||
| 942 | _n0 | ||
| 999 |
_c104215 _d104215 |
||